| 000 | 00000nas 2200000za 4500 |
| 001 | 9.507545 |
| 003 | CaOODSP |
| 005 | 20230201140535 |
| 007 | cr ||||||||||| |
| 008 | 150406d20132018oncar p s||||f0 |0eng|d |
| 040 | |aCaOODSP|beng |
| 043 | |an-cn--- |
| 086 | 1 |aT46-56E-PDF |
| 245 | 00|aVehicle Import Compatibility (admissibility) list for vehicles purchased in the United States. |
| 264 | 1|a[Ottawa] : |bTransport Canada, |c2013-2018. |
| 310 | |aAnnual |
| 362 | 1 |aCeased with August 3, 2018. |
| 500 | |aIssued also in French under title: Liste de Compatibilité (admissibilité) à l’importation de véhicules achetés aux États-Unis. |
| 500 | |a"Its accuracy cannot be guaranteed and its content is subject to change without notice." - from 2013 edition. |
| 710 | 1 |aCanada. |bTransport Canada. |
| 775 | 08|tListe de Compatibilité (admissibilité) à l'importation de véhicules achetés aux États-Unis.|w(CaOODSP)9.503935 |